000 00922cam a22003017a 4500
003 CHAP
005 20220329140224.0
008 971013s1914 r 00010 d
010 _a48767
011 _a49739
035 _a53889
040 _cCHAP
090 _aFolleto 6100
100 0 0 _aRiquelme Inda, Julio.
_997503
245 1 4 _aLos mayates o frailecillo del maíz (Macrodactylus sp.)
260 _aMéxico, D. F. :
_bEstación Agrícola Central,
_c1914
300 _a13 p.
590 _aBATCH-UPD
_b10
_c20130110
_lUCH01
_h0222
590 _aBATCH-UPD
_b10
_c20130110
_lUCH01
_h2050
590 _aBATCH-UPD
_b10
_c20130409
_lUCH01
_h2243
590 _aBATCH-UPD
_b10
_c20130914
_lUCH01
_h1737
590 _aCONVERSION
_b10
_c20130109
_lUCH01
_h1327
650 1 4 _aMacrodactylus.
_969546
650 1 4 _aMaíz
_xPlagas.
_971034
901 _aBK
942 _cFOLL
949 _aFolleto 6100
_bBC
_cBPP
_d-119225
_eBPP
_i53889
_si
999 _c48767
_d48767